LEADER 00902cam0-2200313---450- 001 990004818070403321 005 20090505144444.0 035 $a000481807 035 $aFED01000481807 035 $a(Aleph)000481807FED01 035 $a000481807 100 $a19990604d1977----km-y0itay50------ba 101 0 $aita 102 $aIT 105 $ay-------001yy 200 1 $aViaggio intorno al concetto di Medioevo$eprofilo di storia della storiografia medievale$fLudovico Gatto 210 $aRoma$cBulzoni$dc1977 215 $a190 p.$d21 cm 225 1 $aBiblioteca di cultura$v108 610 0 $aMedioevo$aStoriografia 676 $a940.1072 700 1$aGatto,$bLudovico$0134019 801 0$aIT$bUNINA$gRICA$2UNIMARC 901 $aBK 912 $a990004818070403321 952 $a940.1 GAT 1$fFLFBC 959 $aFLFBC 996 $aViaggio intorno al concetto di Medioevo$9519734 997 $aUNINA LEADER 01136cam0-22003371i-450 001 990005868650403321 005 20240605124747.0 010 $a88-8114-764-5 035 $aFED01000586865 035 $a(Aleph)000586865FED01 035 $a000586865 100 $a20000421d1999----km-y0itay50------ba 101 0 $aita 102 $aIT 105 $ay-------001yy 200 1 $aProfeti disarmati$esaggi critici su Benda, Bernanos, Bremond, Buonaiuti, Chesterton, D'Ors, Eliot, George, Green, Massis, Mauriac, Papini, Valéry$fFrancesco Bruno$ga cura di Elio Bruno$gpostfazione di Francesco D'Episcopo 210 $aNapoli$cEdizioni Scientifiche Italiane$d1999 215 $a358 p.$d24 cm 610 0 $aLetteratura$aSec.20. 676 $a809.04$v22$zita 700 1$aBruno,$bFrancesco$f<1899-1982>$0327820 702 1$aBruno,$bElio 702 1$aD'Episcopo,$bFrancesco 801 0$aIT$bUNINA$gRICA$2UNIMARC 901 $aBK 912 $a990005868650403321 952 $a809.04 BRU 1$bBibl.28921$fFLFBC 952 $aDAM A92.2 BRUF 01$b2024/5764$fFLFBC 959 $aFLFBC 996 $aProfeti disarmati$9564409 997 $aUNINA LEADER 02079oam 2200601Ia 450 001 9910974000603321 005 20240313142101.0 010 $a1-61168-483-8 035 $a(CKB)2670000000355631 035 $a(EBL)1122427 035 $a(OCoLC)849722712 035 $a(SSID)ssj0001055122 035 $a(PQKBManifestationID)11637413 035 $a(PQKBTitleCode)TC0001055122 035 $a(PQKBWorkID)11006225 035 $a(PQKB)11363932 035 $a(OCoLC)842929742 035 $a(MdBmJHUP)muse28153 035 $a(Au-PeEL)EBL1122427 035 $a(CaPaEBR)ebr10696018 035 $a(CaONFJC)MIL489739 035 $a(MiAaPQ)EBC1122427 035 $a(EXLCZ)992670000000355631 100 $a20031211h20042004 uy 1 101 0 $aeng 135 $aur|n|---||||| 181 $ctxt$2rdacontent 182 $cc$2rdamedia 183 $acr$2rdacarrier 200 10$aFeathers /$fHaim Beer ; translated from the Hebrew by Hillel Halkin 205 $a1st ed. 210 1$aWaltham, Mass. :$cBrandeis University Press ;$aHanover and London :$cUniversity Press of New England,$d2004. 210 4$d©2004 215 $a1 online resource (xiii, 235 pages) 225 1 $aThe Tauber Institute for the Study of European Jewry series 311 0 $a1-58465-371-X 327 $aTitle Page; Foreword; Chapter One; Chapter Two; Chapter Three; Chapter Four; Chapter Five; Chapter Six; Chapter Seven; Chapter Eight; Chapter Nine; Chapter Ten; Chapter Eleven; Chapter Twelve; Chapter Thirteen 330 $aA classic of modern Israeli literature in English for the first time. 410 0$aTauber Institute for the Study of European Jewry series (Unnumbered) 606 $aJewish fiction 606 $aHebrew fiction 615 0$aJewish fiction. 615 0$aHebrew fiction. 676 $a892.4/36 700 $aBe?er$b Haim$0623059 701 $aHalkin$b Hillel$f1939-$01140992 801 0$bMiAaPQ 801 1$bMiAaPQ 801 2$bMiAaPQ 906 $aBOOK 912 $a9910974000603321 996 $aFeathers$94477212 997 $aUNINA